000 01461nam a2200253Ia 4500
003 Ost
005 20260507075057.0
008 260507s9999||||xx |||||||||||||| ||und||
040 _cfsecg
041 _aara
082 _a338.5
100 _aحداد، مناور فريح
_eمؤلف
245 0 _aمبادئ الاقتصاد الجزئي /
_c مناور فريح حداد
250 _aطبعة 3 (مزيدة ومنقحة)
260 _aإربد:
_bدار الأمل,
_c1998
300 _a317 صفحة؛
_bإيضاحات ؛
_c24 سم
504 _aكشاف المصطلحات ص.295 ببليوغرافيا ص.314
520 _aمفاهيم أساسية في الاقتصاد، نظرية الطلب والعرض،التوازن-تفاعل الطلب والعرض،المرونة، نظرية سلوك المستهلك،النظرية الحديثة لسلوك المستهلك(منحنيات السواء)، نظرية الانتاج والتكاليف، الأسواق،سوق الاحتكار التام،المنافسة الاحتكارية واحتكار القلة،أسعار عناصر الانتاج
653 _aالاحتكار
653 _aالاقتصاد الجزئي
653 _aالانتاج
700 _aالخطيب، حازم بدر
_eمؤلف ثانوي
942 _cكتاب
999 _c42750
_d42750